Flores de papel / (Record no. 196920)

MARC details
000 -LEADER
campo de control de longitud fija 01124nam a2200313 i 4500
001 - NÚMERO DE CONTROL
campo de control 196920
003 - IDENTIFICADOR DE NÚMERO DE CONTROL
campo de control ES-MaACL
005 - FECHA Y HORA DE LA ÚLTIMA TRANSACCIÓN
campo de control 20250804062716.0
008 - DATOS DE LONGITUD FIJA--INFORMACIÓN GENERAL
campo de control de longitud fija 250206b2024 sp ||||| |||| 00| 0 spa d
017 ## - NÚMERO DE COPYRIGHT O DE DEPÓSITO LEGAL
Número de copyright o de depósito legal B 23061-2024
Agencia que asigna Oficina Depósito Legal Barcelona
020 ## - NÚMERO INTERNACIONAL ESTÁNDAR DEL LIBRO
Número Internacional Estándar del Libro 9788411003209
040 ## - FUENTE DE CATALOGACIÓN
Lengua de catalogación spa
Centro/agencia transcriptor ES-MaACL
100 1# - ENTRADA PRINCIPAL--NOMBRE DE PERSONA
Nombre de persona Hameida, Ebbaba
9 (RLIN) 239610
Término indicativo de función/relación Autor
245 1# - MENCIÓN DEL TÍTULO
Título Flores de papel /
Mención de responsabilidad, etc. Ebbaba Hameida
250 ## - MENCION DE EDICION
Mención de edición Primera edición: enero 2025
260 ## - PUBLICACIÓN, DISTRIBUCIÓN, ETC.
Lugar de publicación, distribución, etc. Barcelona :
Nombre del editor, distribuidor, etc. Ediciones Península,
Fecha de publicación, distribución, etc. 2025.
264 ## - PRODUCCIÓN, PUBLICACIÓN, DISTRIBUCIÓN, FABRICACIÓN Y COPYRIGHT
Fecha de producción, publicación, distribución, fabricación o copyright ©2024.
300 ## - DESCRIPCIÓN FÍSICA
Extensión 274 páginas ;
Dimensiones 22 cm
336 ## - TIPO DE CONTENIDO
Fuente rdacontent
Término de tipo de contenido texto
337 ## - TIPO DE MEDIO
Fuente rdamedia
Nombre/término del tipo de medio sin mediación
338 ## - TIPO DE SOPORTE
Fuente rdacarrier
Nombre/término del tipo de soporte volumen
655 #0 - TERMINO DE INDIZACIÓN--GENERO/FORMA
Datos o término principal de género/forma Novelas
9 (RLIN) 234319
852 ## - LOCALIZACIÓN
Ubicación ES-MaACL
Ubicación en estantería Depósito J
Número de control de estantería N-10294
Anotaciones manuscritas Dedicatoria autógrafa de la autora
Donativo/Legado Donación: Ebbaba Hameida
Encuadernación Encuadernación rústica con solapas
itemnumber 206416
903 ## - NOMBRE PERSONAL DE DONANTE
9 239610
a Hameida, Ebbaba
e Donante
942 ## - ELEMENTOS DE ENTRADA SECUNDARIOS (KOHA)
Tipo de ítem Koha Libro impreso
Suprimir en OPAC No
Holdings
Estatus retirado Estado de pérdida Fuente del sistema de clasificación o colocación Estado de daño No para préstamo Colección Biblioteca de origen Biblioteca actual Ubicación en estantería Fecha de adquisición Fuente de adquisición Total de préstamos Signatura topográfica completa Código de barras Visto por última vez Precio de reemplazo Tipo de ítem Koha
    Clasificación decimal universal     Libros con dedicatorias Biblioteca del Ateneo de Madrid Biblioteca del Ateneo de Madrid Depósito J 31/07/2025 Donación   N-10294 2025-0799 31/07/2025 31/07/2025 Libro impreso